| Tag |
First Indicator |
Second Indicator |
Subfields |
| LEADER |
00000cam a2200000 4500 |
| 001 |
in00003865613 |
| 005 |
20190415191001.0 |
| 006 |
m o d |
| 007 |
cr |n||||||||n |
| 008 |
950306s1763 enk|||| o 00| ||eng c |
| 035 |
|
|
|a (CU-RivES)T224152
|
| 035 |
|
|
|a (Uk-ES)006318552
|
| 035 |
|
|
|a (OCoLC)510692500
|
| 040 |
|
|
|a Uk-ES
|c Uk-ES
|d CStRLIN
|d Cengage Gale
|d UtOrBLW
|
| 050 |
|
4 |
|a AC4
|b .G744 1763
|
| 100 |
1 |
|
|a Greenwood, James,
|d -1737.
|0 http://id.loc.gov/authorities/names/n85024862
|
| 245 |
1 |
4 |
|a The royal English grammar :
|b Containing what is necessary to the knowledge of the English tongue, laid down in a plain and familiar way. For the use of young gentlemen and ladies. To which are added, lessons for boys at school, shewing the use of the parts of speech, and the joining words together in a sentence. By James Greenwood sur-master of St. Paul's School.
|
| 250 |
|
|
|a The seventh edition.
|
| 264 |
|
1 |
|a London :
|b Printed for J. Nourse, opposite Katherine-Street in the Strand, bookseller in Ordinary to His Majesty,
|c MDCCLXIII. [1763]
|
| 300 |
|
|
|a 1 online resource (viii, 2 unnumbered pages, 170 pages)
|
| 336 |
|
|
|a text
|b txt
|2 rdacontent
|
| 337 |
|
|
|a computer
|b c
|2 rdamedia
|
| 338 |
|
|
|a online resource
|b cr
|2 rdacarrier
|
| 510 |
4 |
|
|a Alston,
|c I, 82
|
| 510 |
4 |
|
|a English Short Title Catalog,
|c T224152.
|
| 500 |
|
|
|a Reproduction of original from British Library.
|
| 500 |
|
|
|a Electronic resource.
|
| 650 |
|
0 |
|a English language
|x Grammar
|v Early works to 1800.
|0 http://id.loc.gov/authorities/subjects/sh2008119585
|
| 655 |
|
7 |
|a Electronic books.
|2 local
|
| 655 |
|
7 |
|a Grammars.
|2 rbgenr
|
| 710 |
2 |
|
|a Gale (Firm)
|0 http://id.loc.gov/authorities/names/no2008071348
|
| 752 |
|
|
|a Great Britain
|b England
|d London.
|
| 856 |
4 |
0 |
|u http://proxy.library.tamu.edu/login?url=http://find.galegroup.com/ecco/infomark.do?contentSet=ECCOArticles&docType=ECCOArticles&bookId=1392900900&type=getFullCitation&tabID=T001&prodId=ECCO&docLevel=TEXT_GRAPHICS&version=1.0&source=library&userGroupName=txshracd2898
|z Connect to the full text of this electronic book
|t 0
|
| 999 |
f |
f |
|s 1e2c4df7-ab84-3115-8eb6-0093e8f2cae4
|i 76e90f96-dfac-397d-819e-e90c46b41b0a
|t 0
|
| 952 |
f |
f |
|a Texas A&M University
|b College Station
|c Electronic Resources
|d Available Online
|t 0
|e AC4 .G744 1763
|h Library of Congress classification
|
| 998 |
f |
f |
|a AC4 .G744 1763
|t 0
|l Available Online
|